Pays dirigés par une femme - Statistiques

Statistiques générales
  • Ce quiz a été pris 91 fois
  • Le résultat moyen est 7 sur 20
Statistiques - réponses
Hint Réponse % Correct
Chancelière Allemagne
99%
Première ministre Finlande
70%
Première ministre Nouvelle zélande
69%
Première ministre Norvège
68%
Première ministre Danemark
65%
Première ministre Islande
63%
Présidente Estonie
48%
Première ministre Belgique
41%
Présidente Slovaquie
39%
Présidente Grèce
38%
Présidente Taïwan
35%
Première ministre Serbie
31%
Présidente Népal
18%
Présidente Singapour
15%
Présidente Georgie
14%
Première ministre Bangladesh
10%
Première ministre Barbade
6%
Présidente Iles Marshall
5%
Présidente Ethiopie
4%
Présidente Namibie
4%
Aucun quiz correspondant
Distribution des résultats
% des personnes avec chaque résultat
Percentile par nombre de réponses
Votre historique - résultats
Vous n’avez pas pris ce quiz